History Quiz

Random History or Famous Quiz

Famous People Drinking Quiz Stats

 Plays Quiz not verified by Sporcle

Score 0/10 Timer 10:00
0 Plays Today
% Correct
George Clooney
98.3%
Frank Sinatra
90%
Clint Eastwood
90%
John Lennon
90%
Pope Francis
86.7%
Daniel Craig
85%
Johnny Cash
70%
James Dean
68.3%
Dean Martin
66.7%
Cary Grant
65%

You're not logged in!

Compare scores with friends on all Sporcle quizzes.
OR
Log In

Sporcle TV

Today on Sporcle TV


Watch our educational content, quiz creation guides, and fun videos on Sporcle TV.

Show Comments

Extras

Created Aug 25, 2017ReportNominate
Tags:Famous Quiz, Famous People

Top Quizzes Today


Score Distribution

Your Account Isn't Verified!

In order to create a playlist on Sporcle, you need to verify the email address you used during registration. Go to your Sporcle Settings to finish the process.

Report this User

Report this user for behavior that violates our Community Guidelines.

Details: